000
00230nam a2200109Ia 4500
100
_a
Mitin/Vladimir V
942
_c
BK
245
_a
Introduction to Nanoelectronics
260
_b
Cambrideg
_c
2008
546
_a
ENGLISH
999
_c
26094
_d
26094